000 00354nam a2200145Ia 4500
008 230917s9999||||xx |||||||||||||| ||und||
040 _e87396
_aMAIN
041 _aEnglish
082 _a891.442 T129S
100 _aTagore, Rabindranath
245 0 _aSacrifice: and other plays
260 _aLondon
_bMacmillan
_c1917
300 _a256 p.
942 _cBK
999 _c203429
_d203429